Európsky semester ako nástroj odstraňovania následkov krízy a ozdravenia verejných financií

Zavedenie takzvaného európskeho semestra je jedným z najdôležitejších nástrojov na presadzovanie cieľov stratégie EÚ 2020. Uplatňovanie nástrojov ekonomického riadenia a prijaté usmernenia. Ciele vytýčené v EÚ 2020 a transformácia do cieľov v rámci národných reforiem.

Salvato in:
Dettagli Bibliografici
Autore principale: Longauerová, Alena
Natura: Capitolo di libro
Lingua:slovacco
Soggetti:
Tags: Aggiungi Tag
Nessun Tag, puoi essere il primo ad aggiungerne!!

MARC

LEADER 00000nla$a2200000$$$4500
001 0145372
005 20221103134546.2
041 0 |a slo 
044 |a SK 
245 1 0 |a Európsky semester ako nástroj odstraňovania následkov krízy a ozdravenia verejných financií  |c Alena Longauerová 
520 |a Zavedenie takzvaného európskeho semestra je jedným z najdôležitejších nástrojov na presadzovanie cieľov stratégie EÚ 2020. Uplatňovanie nástrojov ekonomického riadenia a prijaté usmernenia. Ciele vytýčené v EÚ 2020 a transformácia do cieľov v rámci národných reforiem. 
610 2 0 |a Európska únia 
610 2 0 |a eurozóna 
610 2 0 |a politika kohézna 
610 2 0 |a politika sociálna 
610 2 0 |a stabilita hospodárstva 
610 2 0 |a konvergencia 
610 2 0 |a rozvoj sociálno-ekonomický 
610 2 0 |a reformy 
610 2 0 |a spolupráca medzinárodná 
100 1 |a Longauerová, Alena